Normal view
MARC view
- Jamieson, Peter,
Entry Personal Name
001 - CONTROL NUMBER
- control field: 88784
003 - CONTROL NUMBER IDENTIFIER
- control field: NUST
005 - DATE AND TIME OF LATEST TRANSACTION
- control field: 20220204120639.0
008 - FIXED-LENGTH DATA ELEMENTS
- fixed length control field: 220204|| aca||aabn | a|a d
040 ## - CATALOGING SOURCE
- Original cataloging agency: NUST
- Transcribing agency: NUST
100 ## - HEADING--PERSONAL NAME
- Personal name: Jamieson, Peter,
- Dates associated with a name: 1946-
670 ## - SOURCE DATA FOUND
- Source citation: Work cat.: (NUST)32925: Jamieson, Peter, 1946-, Innovation in wind turbine design /, 2011.
